000 01455nam a22004097a 4500
003 CHAP
005 20220329134454.0
008 971013s1976 r 00010 d
010 _a20858
011 _a21830
035 _a25921
040 _cCHAP
090 _aTesis
100 0 0 _aCervantes Santana, Tarcicio.
_921620
245 _aEfectos genéticos y de interacción genotipo-ambiente en la clasificación de razas mexicanas de maíz
260 _aChapingo, Méx. :
_bEl autor,
_c1976
300 _a139 h.
_b; gráfs.
502 _aTesis (Doctor en Ciencias Esp. en Genética) -- ENA. Colegio de Postgraduados
590 _aALEPH
_b10
_c20130110
_lUCH01
_h1244
590 _aBATCH-UPD
_b10
_c20130110
_lUCH01
_h0225
590 _aBATCH-UPD
_b10
_c20130110
_lUCH01
_h1719
590 _aBATCH-UPD
_b10
_c20130409
_lUCH01
_h2247
590 _aBATCH-UPD
_b10
_c20130410
_lUCH01
_h1103
590 _aBATCH-UPD
_b10
_c20130914
_lUCH01
_h0917
590 _aCONVERSION
_b10
_c20130109
_lUCH01
_h1312
650 1 4 _aGramíneas
_xClasificación.
_950264
650 1 4 _aMaíz
_xEfecto del medio ambiente.
_970935
650 1 4 _aMaíz
_xGenética.
_970963
650 1 4 _aMaíz
_xVariedades.
_971081
650 1 4 _aMaíz
_zMéxico.
_971098
901 _aBK
942 _cFOLL
949 _bBC
_cTES
_d-59936
_eTS1
_i25921
_si
949 _bBC
_cTES
_d-59937
_eTS2
_fc.2
_i25921
_si
949 _bBC
_cTES
_d-59938
_eTS2
_fc.3
_i25921
_si
949 _bBC
_cTES
_d-59939
_eTS2
_fc.4
_i25921
_si
999 _c20858
_d20858